| 000 | 00586nam a22002177a 4500 | ||
|---|---|---|---|
| 999 |
_c172605 _d172605 |
||
| 003 | dpl | ||
| 005 | 20200207155454.0 | ||
| 008 | 200207b ||||| |||| 00| 0 eng d | ||
| 010 | _aB-227153 | ||
| 020 |
_a8126023201 _c175.00 |
||
| 035 | _aB-227153 | ||
| 040 |
_aDpl _bEnglish _c0 |
||
| 050 |
_aS _bRam |
||
| 100 | _aRao, Kalipatnam Rama | ||
| 245 |
_aYagnam And Other Stories/ _bKalipatnam Rama Rao _hEnglish |
||
| 246 | _hEnglish | ||
| 260 |
_aNew Delhi _bRabindra _c2006 |
||
| 300 |
_a341 Pg _c15 cms |
||
| 700 |
_aJayaprada,C.L.L _d2006 |
||
| 942 |
_2ddc _cEN _hS _iRam _kS _mRam |
||